000 00344nam a2200133Ia 4500
008 231129s9999||||xx |||||||||||||| ||spa||
020 _a84-7166-904-8
040 _bspa
082 _a745.5922 A415c
100 _aAlkema Chester Jay
245 0 _aComo hacer marionetas
264 _aEdaf
942 _2ddc
_cBKS
999 _c7575
_d7575